[Event "Washington op Premier"]
[Site "Redmond"]
[Date "2010.05.29"]
[Round "1"]
[White "Shear, Tom"]
[Black "Zarate, Cristian"]
[Result "0-1"]
[WhiteElo "1732"]
[BlackElo "1874"]
[PlyCount "52"]
[EventDate "2010.05.29"]
[EventType "swiss"]
[EventRounds "6"]
[EventCountry "USA"]
[SourceTitle "EXT 2017"]
[Source "ChessBase"]
[SourceDate "2016.10.25"]
[SourceVersion "1"]
[SourceVersionDate "2016.10.25"]
[SourceQuality "1"]

1. e4 c5 2. d4 cxd4 3. Nf3 d6 4. c3 dxc3 5. Nxc3 e6 6. Bc4 Be7 7. 0-0 Nf6 8. Qe2 0-0 9. Rd1 Ne8 10. Bf4 Nd7 11. Rac1 a6 12. a4 Qa5 13. Nd4 Nc5 14. b3 e5 15. Nf5 Bxf5 16. exf5 Nf6 17. Bg5 Ncd7 18. f4 Rae8 19. Nd5 Nxd5 20. Rxd5 Qb6+ 21. Kh1 h6 22. Bxe7 Rxe7 23. Rcd1 Rfe8 24. Rxd6 exf4 25. Qf3 Qc7 26. Qxf4 Re1+ 0-1